000 00670nam a22001937a 4500
005 20210325175654.0
008 s2539 th tha d
041 _atha
050 _aDS578.32 บ411ก 2539
100 0 _aประสาร มฤคพิทักษ์
245 1 0 _aไกลเกินฝัน [2nd]
260 3 _aกรุงเทพฯ :
_bมติชน,
_c2539
300 _a205 หน้า :
_b ภาพประกอบ ;
_c 21 ซม.
650 0 4 _aทรงศักดิ์ เอาฬาร, 2472-- -- ชีวประวัติ
850 _aNALT
942 _cGB
997 _c000000000007373
998 _aNarumon Suwan
999 _c7373
_d7373